000 01005nas a2200301 4500
001 BR2015001947
003 BR-BrBNA
005 20231205125200.0
007 ta
008 230509b bl.|||p| |||| 00| 00por d
040 _aBR-BrBNA
_bpor
_cBiblioteca Nacional de Agricultura
041 _a(Pt)
072 _aF04
100 1 _aAmaral, A.S.
100 1 _aAnghinoni, I.
100 1 _aDeschamps, F.C.
245 1 _aResíduos de plantas e coberturas e mobilidade dos produtos da dissolução do calcário aplicado na superfície do solo
650 _aANÁLISE DO SOLO
650 _aPLANTA DE COBERTURA
650 _aAVEIA FORRAGEIRA
650 _aERVILHACA
650 _aÁCIDO ORGÂNICO
650 _aPLANTIO DIRETO
773 0 _tRevista Brasileira de Ciência do Solo (Brazil)
_xISSN 0100-0683
_g(Jan-Feb 2004), v. 28(1) p. 115-123
_wBR2015001947
856 4 0 _uhttp://www.scielo.br/pdf/rbcs/v28n1/a12v28n1.pdf
909 _a202311
_bLúcia
_c55
_dLúcia Elande
942 _2AGRIS
_n0
_cANA
999 _c243075
_d243075